000 00285 a2200121 4500
001 64019
082 _a809.8928 BLY
090 _c37814
_d37814
100 _aBlyton
245 _aFive go to billycock hill
_hEnglish
260 _aUK
_bHodderChildern's Book
_c1997
300 _a185P.
942 _aNUST-CAE
_k809.8928 BLY
999 _c299092
_d299092